Analysis of Childhood Habits Influence on Consumption Behavior in Adulthood
Prepojenie spotrebiteľského správania v detstve a dospelosti. Konzumácia a preferencia potravín. Konzumácia a zdravie. Prieskum, metódy, výsledky, diskusia.
Na minha lista:
| Autor principal: | |
|---|---|
| Formato: | Capítulo de Livro |
| Idioma: | inglês |
| Assuntos: | |
| Tags: |
Sem tags, seja o primeiro a adicionar uma tag!
|
MARC
| LEADER | 00000naa a2200000 4500 | ||
|---|---|---|---|
| 001 | 0146970 | ||
| 005 | 20240502083339.9 | ||
| 041 | 0 | |a eng | |
| 044 | |a CZ | ||
| 245 | 1 | 0 | |a Analysis of Childhood Habits Influence on Consumption Behavior in Adulthood |c Dagmar Lesáková |
| 520 | |a Prepojenie spotrebiteľského správania v detstve a dospelosti. Konzumácia a preferencia potravín. Konzumácia a zdravie. Prieskum, metódy, výsledky, diskusia. | ||
| 610 | 2 | 0 | |a správanie spotrebiteľa |
| 610 | 2 | 0 | |a spotreba potravín |
| 610 | 2 | 0 | |a deti |
| 610 | 2 | 0 | |a dospelí |
| 610 | 2 | 0 | |a prieskum |
| 610 | 2 | 0 | |a analýzy |
| 100 | 1 | |a Lesáková, Dagmar, 1949- | |